000 00757cam a2200253 i 4500
999 _c20833
_d20833
001 3697514
003 BDDh-ASL
005 20231015025936.0
008 800124s1977 pk 000 0 eng
010 _a 78931270
020 _cRs12.00
040 _aDLC
_cDLC
_dDLC
_dBDDh-ASL
050 0 0 _aBP170
_b.W34
082 0 0 _a909.26
_bWAI
100 1 _aWaheed, K. Abdul.
245 1 0 _aIslamic background of modern science and culture /
_cby Kh. A. Waheed.
250 _a1st ed.
260 _aKarachi :
_bNational Book Foundation,
_c[pref. 1977]
300 _avii, 122 p. ;
_c22 cm.
650 0 _aIslam
_xApologetic works.
650 0 _aCivilization, Western
_xIslamic influences.
906 _a7
_bcbc
_corignew
_d4
_encip
_f19
_gy-gencatlg
942 _2ddc
_cBK